Ang gintong habihan: mga kwentong premyado ng Palanca (Record no. 364983)
[ view plain ]
| 000 -LEADER | |
|---|---|
| fixed length control field | 00544nam a22001817a 4500 |
| 003 - CONTROL NUMBER IDENTIFIER | |
| control field | 0 |
| 005 - DATE AND TIME OF LATEST TRANSACTION | |
| control field | 20230616133542.0 |
| 008 - FIXED-LENGTH DATA ELEMENTS--GENERAL INFORMATION | |
| fixed length control field | 230616b xxu||||| |||| 00| 0 eng d |
| 020 ## - INTERNATIONAL STANDARD BOOK NUMBER | |
| International Standard Book Number | 971-630-094-8 |
| 082 ## - DEWEY DECIMAL CLASSIFICATION NUMBER | |
| Classification number | Fil. 899.2113 |
| Item number | .Gi492 1998 |
| 245 ## - TITLE STATEMENT | |
| Title | Ang gintong habihan: mga kwentong premyado ng Palanca |
| 260 ## - PUBLICATION, DISTRIBUTION, ETC. (IMPRINT) | |
| Place of publication, distribution, etc | Makati City |
| Name of publisher, distributor, etc | Tahanan Book for Young Readers |
| Date of publication, distribution, etc | C1998 |
| 300 ## - PHYSICAL DESCRIPTION | |
| Extent | 70pp |
| Other physical details | ill. |
| Dimensions | 23cm. |
| 500 ## - GENERAL NOTE | |
| General note | Short stories, Filipino. |
| 500 ## - GENERAL NOTE | |
| General note | Palanca Awards. |
| 500 ## - GENERAL NOTE | |
| General note | Literary-prizes-Philippines. |
| 942 ## - ADDED ENTRY ELEMENTS (KOHA) | |
| Source of classification or shelving scheme | Dewey Decimal Classification |
| Koha item type | Books |
| Withdrawn status | Lost status | Source of classification or shelving scheme | Damaged status | Home library | Current library | Shelving location | Date acquired | Source of acquisition | Sub Shelving location | Total Checkouts | Full call number | Barcode | Date last seen | Price effective from | Koha item type |
|---|---|---|---|---|---|---|---|---|---|---|---|---|---|---|---|
| Dewey Decimal Classification | Munich Library | Munich Library | Filipiniana Section | 06/16/2023 | Library Fund | Fil 899.2113 Gi492 1998 | M8350 | 06/16/2023 | 06/16/2023 | Books |